Statistics for Select Countries by Language

Click here to take the quiz!

General Stats

  • This quiz has been taken 60 times
  • The average score is 62 of 80

Answer Stats

QuestionTileSelect% Correct
GermanBurundiNo
96%
GermanCameroonNo
96%
SpanishGabonNo
96%
GermanPalauNo
96%
GermanRwandaNo
96%
GermanSolomon IslandsNo
96%
GermanTogoNo
96%
EnglishIrelandYes
95%
GermanTanzaniaNo
95%
PortugueseBruneiNo
93%
EnglishEgyptNo
93%
EnglishHaitiNo
93%
EnglishHondurasNo
93%
EnglishIcelandNo
93%
EnglishIsraelNo
93%
SpanishMaltaNo
93%
EnglishNigerNo
93%
GermanPapua New GuineaNo
93%
SpanishCubaYes
91%
PortugueseIndonesiaNo
91%
FrenchLaosNo
91%
GermanPolandNo
91%
FrenchCambodiaNo
89%
PortugueseGhanaNo
89%
SpanishGuineaNo
89%
PortugueseMalawiNo
89%
PortugueseMauritiusNo
89%
SpanishMoroccoNo
89%
GermanSwitzerlandYes
89%
PortugueseThe GambiaNo
89%
GermanCzechiaNo
88%
GermanNetherlandsNo
88%
PortugueseSierra LeoneNo
88%
SpanishSurinameNo
88%
PortugueseUruguayNo
88%
PortugueseBarbadosNo
86%
GermanLiechtensteinYes
86%
FrenchMonacoYes
86%
PortugueseTogoNo
86%
PortugueseGuineaNo
84%
FrenchGuyanaNo
84%
EnglishMalaysiaNo
84%
GermanNamibiaNo
84%
SpanishParaguayYes
84%
SpanishThe BahamasNo
84%
GermanAustriaYes
80%
FrenchBelgiumYes
80%
EnglishJamaicaYes
80%
SpanishGuyanaNo
79%
FrenchHaitiYes
77%
FrenchLebanonNo
77%
SpanishAntigua and BarbudaNo
75%
PortugueseSurinameNo
75%
PortugueseCape VerdeYes
73%
SpanishTrinidad and TobagoNo
73%
EnglishBelizeYes
71%
GermanLuxembourgYes
71%
PortugueseAngolaYes
70%
EnglishSingaporeYes
70%
SpanishThe PhilippinesNo
70%
SpanishBelizeNo
68%
FrenchAndorraNo
66%
SpanishGrenadaNo
66%
PortugueseMozambiqueYes
66%
FrenchChadYes
64%
EnglishNigeriaYes
64%
FrenchTunisiaNo
63%
FrenchCameroonYes
61%
SpanishEquatorial GuineaYes
61%
FrenchMauritaniaNo
61%
FrenchMoroccoNo
55%
PortugueseGuinea-BissauYes
54%
FrenchBeninYes
52%
SpanishAndorraNo
48%
EnglishGambiaYes
43%
FrenchAlgeriaNo
41%
EnglishVanuatuYes
34%
EnglishCameroonYes
25%
FrenchVanuatuYes
25%
EnglishSudanYes
16%

Score Distribution

Percentile by Number Answered

Percent of People with Each Score

Your Score History

You have not taken this quiz